Goethe világnézete
Elmentve itt :
| Szerző: | |
|---|---|
| További közreműködők: | |
| Adatforrás: | Philobibl |
| Forrásdokumentuma: | Valóság 1932:1. p. 7-12. |
| Dokumentumtípus: | Cikk |
| Nyelv: | magyar |
| Kulcsszavak: | Goethe, Johann Wolfgang von német irodalom története, 18-19. sz. |
| LEADER | 00444nab a2200145 c 4500 | ||
|---|---|---|---|
| 001 | bibPHI0038339 | ||
| 005 | 20231005115920.2 | ||
| 008 | 100608s1932 hu hun | ||
| 100 | 1 | |a Lukács György | |
| 245 | 1 | 0 | |a Goethe világnézete |c Lukács György |
| 500 | |a Laurent György szerzői néven | ||
| 695 | |a Goethe, Johann Wolfgang von | ||
| 695 | |a német irodalom története, 18-19. sz. | ||
| 700 | 1 | |a Laurent György | |
| 773 | 0 | |t Valóság |g 1932:1. p. 7-12. | |